[Event "Nezhmetdinov Memorial 39th"]
[Site "Kazan"]
[Date "2017.06.07"]
[Round "8"]
[White "Mishin, Viacheslav"]
[Black "Galiev, Irek"]
[Result "1-0"]
[WhiteElo "2092"]
[BlackElo "1866"]
[PlyCount "83"]
[EventDate "2017.05.31"]
[EventType "swiss"]
[EventRounds "9"]
[EventCountry "RUS"]
[SourceTitle "EXT 2018"]
[Source "ChessBase"]
[SourceDate "2017.10.13"]
[SourceVersion "1"]
[SourceVersionDate "2017.10.13"]
[SourceQuality "1"]

1. e4 c5 2. Nf3 e6 3. c3 d5 4. exd5 exd5 5. d4 Nf6 6. Bb5+ Nc6 7. 0-0 a6 8. Re1+ Be7 9. Bxc6+ bxc6 10. dxc5 0-0 11. b4 Ne4 12. Nd4 Bb7 13. f3 Ng5 14. Nd2 Qd7 15. N2b3 Bf6 16. Bxg5 Bxg5 17. Qd3 g6 18. Na5 Rae8 19. g3 h5 20. Kg2 h4 21. a4 Kg7 22. g4 Qc7 23. Re2 Bf4 24. Kh1 Re5 25. Rxe5 Bxe5 26. Qe2 Bxd4 27. cxd4 Bc8 28. Re1 f6 29. Qe7+ Rf7 30. Qxc7 Rxc7 31. Re8 g5 32. Nxc6 Rxc6 33. b5 axb5 34. axb5 Kf7 35. Rh8 Kg7 36. Rd8 Re6 37. Rxc8 h3 38. Kg1 Re2 39. Ra8 Rg2+ 40. Kf1 Rxh2 41. c6 Rb2 42. Kg1 1-0

[Event "Nezhmetdinov Memorial 39th"]
[Site "Kazan"]
[Date "2017.06.04"]
[Round "5"]
[White "Suleimanov, Albert"]
[Black "Galiev, Irek"]
[Result "1/2-1/2"]
[WhiteElo "2050"]
[BlackElo "1866"]
[PlyCount "115"]
[EventDate "2017.05.31"]
[EventType "swiss"]
[EventRounds "9"]
[EventCountry "RUS"]
[SourceTitle "EXT 2018"]
[Source "ChessBase"]
[SourceDate "2017.10.13"]
[SourceVersion "1"]
[SourceVersionDate "2017.10.13"]
[SourceQuality "1"]

1. d4 Nf6 2. Nf3 g6 3. Bf4 Bg7 4. e3 0-0 5. Nbd2 b6 6. Bd3 Bb7 7. Qe2 c5 8. c3 Nc6 9. h4 d6 10. 0-0-0 Qe8 11. Bg5 e5 12. Bxf6 Bxf6 13. d5 Nb8 14. h5 Qa4 15. hxg6 fxg6 16. Ne4 Bxd5 17. Bc2 Qxa2 18. Rxd5 Qxd5 19. Rd1 Qa2 20. Qb5 Kg7 21. Rxd6 Qa6 22. Rd7+ Rf7 23. Rxf7+ Kxf7 24. Qb3+ c4 25. Qb4 Be7 26. Neg5+ Ke8 27. Qa4+ b5 28. Qxa6 Nxa6 29. Nxh7 Bd6 30. Bxg6+ Ke7 31. Nhg5 Rg8 32. Bh7 Rg7 33. Bc2 Nc5 34. g3 a5 35. Kd2 Rg8 36. Ne4 Nxe4+ 37. Bxe4 Ke6 38. Bc6 b4 39. cxb4 Bxb4+ 40. Kc2 Kd6 41. Be4 c3 42. b3 Rh8 43. Nh4 Kc5 44. Nf3 Kd6 45. g4 Rg8 46. g5 Ke6 47. g6 Rd8 48. Bd3 Ra8 49. Nh4 Kf6 50. Nf3 Rh8 51. Be4 Rh5 52. Ne1 Rg5 53. Nd3 Rg1 54. Nc1 Rf1 55. Nd3 Ra1 56. Nc1 Ba3 57. Nd3 Bb4 58. Nc1 1/2-1/2

[Event "Nezhmetdinov Memorial 39th"]
[Site "Kazan"]
[Date "2017.06.03"]
[Round "4"]
[White "Galiev, Irek"]
[Black "Rozmanov, Aleksandr"]
[Result "1/2-1/2"]
[WhiteElo "1866"]
[BlackElo "2018"]
[PlyCount "156"]
[EventDate "2017.05.31"]
[EventType "swiss"]
[EventRounds "9"]
[EventCountry "RUS"]
[SourceTitle "EXT 2018"]
[Source "ChessBase"]
[SourceDate "2017.10.13"]
[SourceVersion "1"]
[SourceVersionDate "2017.10.13"]
[SourceQuality "1"]

1. Nf3 d5 2. d4 Nf6 3. g3 Bf5 4. Bg2 c6 5. 0-0 e6 6. c4 Be7 7. Bf4 h6 8. Qb3 Qc8 9. Nbd2 0-0 10. Rac1 Nbd7 11. Rfe1 Ne4 12. Nxe4 Bxe4 13. Bh3 dxc4 14. Qxc4 Bxf3 15. exf3 Nb6 16. Qb3 Nd5 17. Bd2 Bf6 18. Bc3 Re8 19. f4 Qd7 20. Rcd1 Rad8 21. Qc2 Qd6 22. f5 Nc7 23. Qb3 b6 24. fxe6 Nxe6 25. Bxe6 Rxe6 26. Rxe6 Qxe6 27. Qxe6 fxe6 28. Re1 Kf7 29. Re4 Rd5 30. Kg2 c5 31. dxc5 Bxc3 32. bxc3 Rxc5 33. c4 Ra5 34. Re2 Rc5 35. Re4 Ra5 36. Re2 Ra4 37. Rc2 Ke7 38. Kf3 Kd6 39. Ke4 b5 40. Kd3 bxc4+ 41. Rxc4 Rxa2 42. Rf4 Ra3+ 43. Kc2 Ra5 44. Kc3 Rf5 45. Rd4+ Kc6 46. f4 Rc5+ 47. Kb3 e5 48. fxe5 Rxe5 49. Rg4 Rg5 50. Rf4 Rd5 51. Rg4 Rd7 52. Kc4 Kd6 53. Re4 Rb7 54. Re1 a5 55. Rd1+ Kc6 56. Rd8 Rb4+ 57. Kc3 Kb5 58. Rd7 Rg4 59. Kb3 Rb4+ 60. Kc3 Rg4 61. Kb3 Kc5 62. Kc3 Kc6 63. Rf7 a4 64. Ra7 Kd5 65. Ra5+ Ke4 66. Rxa4+ Kf3 67. Ra2 Re4 68. Ra7 g5 69. Ra6 h5 70. Ra5 Kg4 71. Kd3 Rb4 72. Ra2 Rb5 73. Ke3 Kh3 74. Kf3 g4+ 75. Kf4 Rb8 76. Kg5 Rb5+ 77. Kf4 h4 78. gxh4 Kxh4 1/2-1/2

[Event "RUS-chT U14"]
[Site "Sochi"]
[Date "2017.05.08"]
[Round "7.1"]
[White "Galiev, Irek"]
[Black "Vasilyev, Alexey1111"]
[Result "1/2-1/2"]
[WhiteElo "1866"]
[BlackElo "1845"]
[PlyCount "186"]
[EventDate "2017.05.01"]
[EventType "team-tourn"]
[EventRounds "9"]
[EventCountry "RUS"]
[SourceTitle "CBM 178 Extra"]
[Source "ChessBase"]
[SourceDate "2017.06.22"]
[SourceVersion "1"]
[SourceVersionDate "2017.06.22"]
[SourceQuality "1"]

1. d4 Nf6 2. Nf3 e6 3. g3 b6 4. Bg2 Bb7 5. 0-0 Be7 6. c4 0-0 7. b3 c5 8. Bb2 d6 9. Nc3 Nbd7 10. Re1 a6 11. e4 cxd4 12. Nxd4 Qc7 13. Qe2 Ne5 14. Rad1 Rac8 15. f4 Nc6 16. Nxc6 Bxc6 17. Kh1 Rfe8 18. Qc2 b5 19. cxb5 axb5 20. Qe2 Qb7 21. e5 dxe5 22. fxe5 Nd7 23. Bxc6 Qxc6+ 24. Qg2 Qxg2+ 25. Kxg2 Nb6 26. Re2 b4 27. Nb5 Nd5 28. Kf3 Rb8 29. Nd4 Ra8 30. Ba1 Bg5 31. h4 Bh6 32. g4 Bf4 33. Nc6 g5 34. hxg5 Bxg5 35. Rd4 Be7 36. Nxe7+ Rxe7 37. Rc4 Rea7 38. Rcc2 Ra6 39. Bd4 Ra5 40. Ke4 Kg7 41. Rf2 Kg8 42. Kd3 Kg7 43. Bc5 Rc8 44. Bd4 Rca8 45. Rh2 Kg6 46. Ke4 Kg7 47. Kf3 Kg6 48. Rhf2 Kg7 49. Kg2 Kg6 50. Kf1 Kg7 51. Ke1 Kg6 52. Kd1 Kg7 53. Kc1 Kg6 54. Kb1 Kg7 55. Rc6 Kg6 56. Rd6 Kg7 57. Rd7 Rf8 58. Rb7 Kg6 59. Ka1 Kg7 60. Rc2 Kg6 61. Rf2 Kg7 62. Rd7 Kg6 63. Rd6 Kg7 64. Rc6 Rfa8 65. Rc1 Kg6 66. Rcf1 Rf8 67. Rh2 Kg7 68. Bb2 Rfa8 69. Bd4 Rf8 70. Rc2 Kg6 71. Rcf2 Kg7 72. Rc1 Kg6 73. Rc6 Kg7 74. Rd6 Rfa8 75. Rd7 Rf8 76. Kb2 Kg6 77. Rb7 Kg7 78. Ra7 Rxa7 79. Bxa7 Rc8 80. Bd4 Rc7 81. a4 bxa3+ 82. Kxa3 Kg6 83. Rh2 Kg5 84. Rxh7 Kxg4 85. Ka4 Kf4 86. b4 Ke4 87. Rh4+ Kf5 88. b5 f6 89. exf6 Nxf6 90. b6 Rd7 91. Kb5 Nd5 92. Kc6 Nxb6 93. Bxb6 Rd1 1/2-1/2

[Event "RUS-chT U14"]
[Site "Sochi"]
[Date "2017.05.03"]
[Round "3.1"]
[White "Galiev, Irek"]
[Black "Kopylov, Artem"]
[Result "0-1"]
[WhiteElo "1866"]
[BlackElo "1481"]
[PlyCount "110"]
[EventDate "2017.05.01"]
[EventType "team-tourn"]
[EventRounds "9"]
[EventCountry "RUS"]
[SourceTitle "CBM 178 Extra"]
[Source "ChessBase"]
[SourceDate "2017.06.22"]
[SourceVersion "1"]
[SourceVersionDate "2017.06.22"]
[SourceQuality "1"]

1. d4 d5 2. Nf3 Nf6 3. g3 e6 4. Bg2 Be7 5. 0-0 0-0 6. c4 c6 7. Qc2 b6 8. Nbd2 Bb7 9. e4 Na6 10. a3 Rc8 11. b4 dxc4 12. Nxc4 c5 13. e5 Nd5 14. dxc5 bxc5 15. b5 Nac7 16. Rb1 Qd7 17. Qb3 Nb6 18. Rd1 Bd5 19. Nxb6 axb6 20. Ng5 h6 21. Ne4 Rfd8 22. Qb2 Qxb5 23. Qxb5 Nxb5 24. Rxb5 Bc4 25. Rxd8+ Rxd8 26. Rb1 Rd1+ 27. Bf1 Rxf1+ 28. Kg2 Rd1 29. Nc3 Bf1+ 30. Kg1 Bd3+ 31. Nxd1 Bxb1 32. Nc3 Bd3 33. a4 Kf8 34. f4 f6 35. Kf2 Ke8 36. Ke3 Bc4 37. Bb2 fxe5 38. fxe5 Bg5+ 39. Kf2 Bb3 40. Ke2 Kd7 41. Kd3 Kc6 42. h4 Be7 43. Ke4 c4 44. Kf4 Bc5 45. Ke4 Bf2 46. Kf3 Bd4 47. Ke4 Bxc3 48. Bxc3 Bxa4 49. Bb4 g6 50. Bf8 h5 51. Bb4 Kb5 52. Be1 Bb3 53. Kd4 Ka4 54. Bd2 Ba2 55. Be1 Kb3 0-1

[Event "RUS-chT U14"]
[Site "Sochi"]
[Date "2017.05.01"]
[Round "1.1"]
[White "Galiev, Irek"]
[Black "Makoveev, Ilya"]
[Result "1/2-1/2"]
[WhiteElo "1866"]
[BlackElo "2246"]
[PlyCount "62"]
[EventDate "2017.05.01"]
[EventType "team-tourn"]
[EventRounds "9"]
[EventCountry "RUS"]
[SourceTitle "CBM 178 Extra"]
[Source "ChessBase"]
[SourceDate "2017.06.22"]
[SourceVersion "1"]
[SourceVersionDate "2017.06.22"]
[SourceQuality "1"]

1. d4 Nf6 2. Nf3 g6 3. g3 Bg7 4. Bg2 0-0 5. 0-0 d5 6. c4 dxc4 7. Na3 c3 8. bxc3 c5 9. Rb1 Nc6 10. e3 Ne4 11. Bb2 Qa5 12. Qb3 Qa6 13. Rfd1 Na5 14. Qb5 Qxb5 15. Nxb5 Bd7 16. Bf1 Bc6 17. Nd2 Rfd8 18. Na3 e5 19. Bg2 Nxd2 20. Rxd2 cxd4 21. cxd4 exd4 22. Bxd4 Bxd4 23. Rxd4 Rxd4 24. exd4 Bxg2 25. Kxg2 Rd8 26. Nc2 Kf8 27. Kf3 Ke7 28. Kg2 Kf8 29. Kf3 Ke7 30. Kg2 Kf8 31. Kf3 Ke7 1/2-1/2

[Event "Tatarstan-ch"]
[Site "Kazan"]
[Date "2016.09.23"]
[Round "8"]
[White "Galiev, Irek"]
[Black "Demidov, Evgueni"]
[Result "0-1"]
[WhiteElo "1948"]
[BlackElo "1498"]
[PlyCount "102"]
[EventDate "2016.09.16"]
[EventType "swiss"]
[EventRounds "9"]
[EventCountry "RUS"]
[SourceTitle "CBM 174 Extra"]
[Source "ChessBase"]
[SourceDate "2016.10.10"]
[SourceVersion "1"]
[SourceVersionDate "2016.10.10"]
[SourceQuality "1"]

1. d4 Nf6 2. Nf3 d5 3. c4 e6 4. Nc3 Nc6 5. Bg5 Be7 6. e3 h6 7. Bxf6 Bxf6 8. Bd3 0-0 9. 0-0 a6 10. Rc1 Re8 11. Bb1 g6 12. a3 Bg7 13. cxd5 exd5 14. Qb3 Ne7 15. Ba2 c6 16. e4 Rb8 17. exd5 cxd5 18. Nxd5 Nxd5 19. Qxd5 Qxd5 20. Bxd5 Rd8 21. Ba2 Bg4 22. Ne5 Be6 23. Bxe6 fxe6 24. Nxg6 Bxd4 25. Rc2 Kf7 26. Nf4 Kf6 27. Re1 e5 28. Ne2 Rbc8 29. Nxd4 exd4 30. Rd2 d3 31. f3 Rc2 32. Red1 Rxd2 33. Rxd2 Ke5 34. Kf2 Kd4 35. Ke1 Ke3 36. Kd1 h5 37. Kc1 b5 38. Kd1 b4 39. b3 a5 40. axb4 axb4 41. Ra2 Rg8 42. g3 h4 43. Ra7 hxg3 44. Re7+ Kd4 45. hxg3 Rxg3 46. Kd2 Rg2+ 47. Ke1 Kc3 48. Rd7 Rh2 49. f4 d2+ 50. Kd1 Rh1+ 51. Ke2 Re1+ 0-1

[Event "Tatarstan-ch"]
[Site "Kazan"]
[Date "2016.09.22"]
[Round "7"]
[White "Shakirov, Rail"]
[Black "Galiev, Irek"]
[Result "1-0"]
[WhiteElo "2038"]
[BlackElo "1948"]
[PlyCount "79"]
[EventDate "2016.09.16"]
[EventType "swiss"]
[EventRounds "9"]
[EventCountry "RUS"]
[SourceTitle "CBM 174 Extra"]
[Source "ChessBase"]
[SourceDate "2016.10.10"]
[SourceVersion "1"]
[SourceVersionDate "2016.10.10"]
[SourceQuality "1"]

1. e4 c5 2. c3 Nf6 3. Qc2 Nc6 4. f4 e6 5. Nf3 Be7 6. Be2 d5 7. e5 Ng4 8. d4 cxd4 9. Nxd4 h5 10. 0-0 Bc5 11. Qd1 Qh4 12. h3 Nh6 13. Be3 Bxd4 14. cxd4 Nf5 15. Qd2 Ng3 16. Qe1 Nf5 17. Qd2 Qe7 18. Nc3 Qb4 19. a3 Qb6 20. Na4 Qb3 21. Nc3 a6 22. Bf2 Bd7 23. Bd1 Qb6 24. Na4 Qa5 25. b4 Qd8 26. Nc5 b6 27. Nb3 Nce7 28. Be2 Ba4 29. Qb2 Bxb3 30. Qxb3 g6 31. Rac1 0-0 32. g4 Ng7 33. Bh4 Qd7 34. Bf6 Kh7 35. gxh5 gxh5 36. Qf3 Nef5 37. Bd3 Kg6 38. Kh2 Kh6 39. Rg1 Nxd4 40. Bg5# 1-0

[Event "Nezhmetdinov Memorial 38th"]
[Site "Kazan"]
[Date "2016.06.06"]
[Round "7"]
[White "Galiev, Irek"]
[Black "Parnali, S Dharia"]
[Result "1-0"]
[WhiteElo "1859"]
[BlackElo "2160"]
[PlyCount "79"]
[EventDate "2016.05.31"]
[EventType "swiss"]
[EventRounds "9"]
[EventCountry "RUS"]
[SourceTitle "CBM 172 Extra"]
[Source "ChessBase"]
[SourceDate "2016.06.21"]
[SourceVersion "1"]
[SourceVersionDate "2016.06.21"]
[SourceQuality "1"]

1. d4 g6 2. Nf3 Bg7 3. c4 c5 4. d5 Nf6 5. Nc3 d6 6. e4 0-0 7. Be2 e5 8. 0-0 Nbd7 9. Ne1 Ne8 10. Nd3 f5 11. f3 f4 12. a3 g5 13. b4 b6 14. Rb1 h5 15. Qa4 Ndf6 16. bxc5 bxc5 17. Bd2 g4 18. Be1 Nh7 19. Qd1 Qg5 20. Qa4 Qd8 21. Qd1 Qg5 22. Qa4 g3 23. Qc6 Qh4 24. hxg3 fxg3 25. Bxg3 Qxg3 26. Qxa8 Bh3 27. Rf2 Bh6 28. Nd1 Ng5 29. Ne1 Nxe4 30. fxe4 Be3 31. Bf3 Bxf2+ 32. Nxf2 Bxg2 33. Nxg2 Qxf3 34. Rb2 h4 35. Qc8 Qxa3 36. Qe6+ Kh8 37. Qh6+ Kg8 38. Qg6+ Kh8 39. Rb7 Qc1+ 40. Kh2 1-0

[Event "Nezhmetdinov Memorial 38th"]
[Site "Kazan"]
[Date "2016.06.01"]
[Round "2"]
[White "Nebolsina, Vera"]
[Black "Galiev, Irek"]
[Result "1-0"]
[WhiteElo "2186"]
[BlackElo "1859"]
[PlyCount "53"]
[EventDate "2016.05.31"]
[EventType "swiss"]
[EventRounds "9"]
[EventCountry "RUS"]
[SourceTitle "CBM 172 Extra"]
[Source "ChessBase"]
[SourceDate "2016.06.21"]
[SourceVersion "1"]
[SourceVersionDate "2016.06.21"]
[SourceQuality "1"]

1. Nf3 Nf6 2. g3 d5 3. Bg2 Bf5 4. c4 c6 5. d4 e6 6. Qb3 Qb6 7. c5 Qa6 8. Bf1 Bxb1 9. Rxb1 Ne4 10. Nd2 Nxd2 11. Bxd2 b6 12. e4 Qb7 13. Bd3 Nd7 14. 0-0 dxe4 15. Bxe4 Nf6 16. Bg2 b5 17. a4 a6 18. Ra1 Nd5 19. Bxd5 exd5 20. Rfe1+ Be7 21. Qe3 bxa4 22. Rxa4 Ra7 23. Rb4 Qc8 24. Qg5 Rg8 25. Bf4 Rb7 26. Rxb7 Qxb7 27. Bd6 1-0